| 000 | 00000nam##2200000za#4500 |
| 001 | 9.613486 |
| 003 | CaOODSP |
| 005 | 20220111083433 |
| 007 | ta |
| 008 | 150406|1997||||xxc||||| f|0| 0 eng|d |
| 020 | |a0-662-25297-7 |
| 022 | |a1713-0638 |
| 040 | |aCaOODSP|beng |
| 043 | |an-cn--- |
| 086 | 1 |aNE22-1/1997-1E |
| 110 | 1 |aCanada. |bNational Energy Board. |
| 245 | 10|aIn the matter of: PanCanadian Petroleum Limited : |bapplication dated 26 July 1996 for an order requiring Interprovincial Pipe Line Inc. to transport natural gas liquids for Pan Canadian Petroleum Limited from Kerrobert, Saskatchewan |
| 260 | |aCalgary - Alberta : |bNational Energy Board |cFebruary, 1997. |
| 300 | |avii, 17p. ; |c28 cm. |
| 490 | 1 |aReasons for decision|x1713-0638 |
| 563 | |aSoftcover |
| 590 | |a97-08|b1997-02-21 |
| 775 | 08|tRelativement à PanCanadian Petroleum Limited : |w(CaOODSP)9.624112 |
| 776 | 0#|tReasons for decision in the matter of PanCanadian Petroleum Limited : |w(CaOODSP)9.572521 |
| 830 | #0|aReasons for decision (Canada. National Energy Board)|x1713-0638|w(CaOODSP)9.514808 |
| 986 | |aMH-4-96 |